000
00363nam a22001217a 4500
999
_c
534993
_d
534993
020
_a
9780987037237
100
_a
Imam Ahmad Rida Ali al Qadiri
245
_a
The Mekkan treasure on the subject of the unseen
260
_a
South Africa
_b
Imam Ahmad Raza Academy
_c
2012
300
_a
208p
942
_2
ddc
_c
BK